00292 a2200109 4500001000700000020000600007040001100013100001800024240006800042245006300110362000900173158536 a  cMagnum aVincent, Mary10aGrandes imperios e civilizacoes: espanha e portugual - v.2lpor10aGrandes imperios e civilizacoes: espanha e portugual - v.20 a1899